000 00962nam a2200349 a 4500
003 AR-BaBNM
005 20251128205926.0
008 082120s2002 ||||||||||||||000 | spa||
020 _a950-12-8707-6
040 _cAR-BaBNM
245 0 0 _aNueva direcciones en mediación
_binvestigación y perspectivas comunicacionales
250 _a1ª ed.
260 _aBuenos Aires
_bPaidós
_c1997
300 _a356 p.
490 0 _aPaidós mediación
_vv. 7
500 _aReferencias bibliográficas p. 309-339
500 _aIndice analítico p. 341-349
650 4 _aDERECHO PROCESAL
650 4 _aMEDIACION
650 4 _aINNOVACIONES
650 4 _aMEDIADOR
650 4 _aDIVORCIO
650 4 _aSOLUCION DE CONFLICTOS
650 4 _aESTRATEGIAS
650 4 _aCONCILIACION
650 4 _aNEGOCIACION
650 4 _aARBITRAJE
700 1 _aFolger, Joseph P.
_ecompilador
700 1 _aJones, Tricia S.
_ecompilador
942 _cBK
998 _cCarmen
999 _c13335
_d13335